Top 100 Girls Names of 2010-2015 - Statistics

General Stats
  • This quiz has been taken 332 times
  • The average score is 54 of 100
Answer Stats
Hint Answer % Correct
O Olivia
96%
E Emma
94%
I Isabella
94%
E Emily
93%
S Sophia
88%
A Ava
85%
E Elizabeth
85%
S Sarah
85%
Z Zoe
85%
C Charlotte
84%
A Anna
82%
C Chloe
82%
H Hannah
82%
V Victoria
82%
A Abigail
80%
L Lily
79%
E Ella
78%
G Grace
78%
S Sophie
78%
A Amelia
77%
M Mia
77%
M Madison
76%
N Natalie
74%
E Eva
73%
E Evelyn
73%
S Samantha
72%
A Aria
69%
A Alexa
65%
L Lauren
65%
L Lucy
64%
E Ellie
61%
H Harper
61%
J Julia
61%
L Leah
61%
V Violet
61%
A Avery
59%
P Penelope
59%
A Alexandra
58%
A Alexis
58%
B Bella
58%
A Ashley
57%
A Audrey
57%
S Scarlett
57%
A Addison
55%
C Caroline
54%
G Gabriella
54%
L Layla
54%
S Savannah
54%
J Jasmine
53%
K Kayla
53%
M Maya
53%
Z Zoey
52%
B Brooklyn
51%
C Claire
51%
R Riley
51%
K Katherine
50%
N Naomi
50%
N Nora
50%
A Aubrey
49%
B Brianna
49%
K Kylie
48%
A Alyssa
47%
L Lillian
47%
A Autumn
46%
M Madeline
46%
S Stella
46%
T Taylor
46%
A Ariana
45%
F Faith
45%
H Hailey
45%
A Annabelle
43%
S Sadie
42%
S Sofia
42%
A Allison
41%
K Kaylee
40%
M Morgan
40%
A Aaliyah
39%
K Kimberly
39%
M Mackenzie
38%
L Lydia
37%
M Melanie
36%
G Gianna
35%
K Kennedy
35%
P Piper
35%
A Arianna
32%
P Paisley
32%
S Sydney
32%
P Peyton
30%
S Skylar
30%
B Bailey
29%
C Camila
29%
G Genesis
25%
M Madelyn
25%
S Serenity
25%
M Makayla
23%
J Jocelyn
20%
K Khloe
16%
N Neveah
16%
L London
15%
A Aubree
11%
No matching quizzes found
Score Distribution
Percent of People with Each Score
Percentile by Number Answered
Your Score History
You have not taken this quiz